000 00950nas a2200313 4500
001 BR2012005222
003 BR-BrBNA
005 20231205120842.0
007 ta
008 230509b bl.|||p| |||| 00| 00por d
040 _aBR-BrBNA
_bpor
_cBiblioteca Nacional de Agricultura
041 _a(Pt)
072 _aH60
100 1 _aCavalieri, S.D.
100 1 _aVelini, E.D.
100 1 _aSilva, F.M.L.
100 1 _aSão José, A.R.
100 1 _aAndrade, G.J.M.
245 1 _aAcúmulo de nutrientes e matéria seca na parte aérea de dois cultivares de soja RR sob efeito de formulações de glyphosate
650 _aSOJA
650 _aHERBICIDA
650 _aNUTRIENTE
650 _aMATÉRIA SECA
650 _aSELEÇÃO
650 _aCONTROLE QUÍMICO
773 0 _tPlanta Daninha (Brazil)
_xISSN 0100-8358
_g(Apr-Jun 2012), v. 30(2) p. 349-358
_wBR2012005222
909 _a202311
_bLúcia
_c55
_dLúcia Elande
942 _2AGRIS
_n0
_cANA
999 _c220647
_d220647